Titres les plus Streamés : Niska - Statistiques

Statistiques générales
  • Ce quiz a été pris 253 fois
  • Le résultat moyen est 6 sur 15
Statistiques - réponses
Hint Réponse % Correct
161.000.000 Réseaux
93%
114.000.000 Salé
76%
117.000.000 Médicament
62%
81.000.000 Bâtiment
53%
68.000.000 Méchant
48%
78.000.000 Tuba Life
43%
56.000.000 Siliconé
39%
55.000.000 W.L.G
34%
60.000.000 Medellin
30%
64.000.000 N.I
30%
88.000.000 MD
23%
129.000.000 Joli bébé
20%
131.000.000 Balader
19%
58.000.000 Mode AV
8%
61.000.000 Millions d'euros
2%
Aucun quiz correspondant
Distribution des résultats
% des personnes avec chaque résultat
Percentile par nombre de réponses
Votre historique - résultats
Vous n’avez pas pris ce quiz